[Event "Druzynowe Mistrzostwa Polski - II Liga 2023"]
[Site "Jastrzebia Gora"]
[Date "1899-12-30"]
[Round "8.47"]
[White "Brylowski, Stefan"]
[Black "Tamon, Radoslaw"]
[Result "1-0"]
[WhiteTitle "I++"]
[BlackTitle "I"]
[WhiteElo "1942"]
[BlackElo "1845"]

1. d4 Nf6 2. Nf3 c5 3. e3 d5 4. b3 cxd4 5. exd4 Bg4 6. Be2 Nc6 7. Bb2 e6 8. O-O
Bd6 9. Nbd2 Qc7 10. Ne5 h5 11. Nxg4 Nxg4 12. g3 O-O-O 13. Bxg4 hxg4 14. Qxg4 f5
15. Qe2 Rh6 16. f4 Rdh8 17. Nf3 Bxf4 18. gxf4 Qxf4 19. Rf2 g5 20. Bc1 Qg4+ 21.
Kh1 Nxd4 22. Nxd4 Qxd4 23. c3 Qf6 24. Be3 e5 25. Rg1 Qc6 26. Qf3 f4 27. Bxa7 b6
28. Rxg5 Kb7 29. Rg7+ Ka8 30. c4 dxc4 31. Qxc6+ Rxc6 32. bxc4 Rch6 33. Rb2 e4
34. Bxb6 1-0

[Event "Druzynowe Mistrzostwa Polski - II Liga 2023"]
[Site "Jastrzebia Gora"]
[Date "1899-12-30"]
[Round "8.48"]
[White "Sliwicka, Weronika"]
[Black "Baginskaite, Kamile"]
[Result "1/2-1/2"]
[WhiteTitle "I"]
[BlackTitle "WGM"]
[WhiteElo "1526"]
[BlackElo "2097"]

1. e4 c5 2. Nf3 d6 3. d4 cxd4 4. Nxd4 Nf6 5. Nc3 a6 6. Nb3 Nc6 7. Bd3 g6 8. O-O
Bg7 9. f4 O-O 10. Qf3 Nb4 11. h3 Bd7 12. Be3 b5 13. Qf2 Nxd3 14. cxd3 b4 15. Ne2
Bb5 16. Rfd1 Ba4 17. Ned4 Nd7 18. Nf3 Bc6 19. Bd4 e5 20. fxe5 dxe5 21. Bc5 Nxc5
22. Qxc5 Rc8 23. Qxb4 f5 24. Nc5 Rb8 25. Qc4+ Kh8 26. Ne6 Qb6+ 27. Kh1 Rfe8 28.
Nxg7 Kxg7 29. Ng5 Re7 30. Rf1 Bb5 31. Qc3 Qf6 32. exf5 gxf5 33. Ne4 Qg6 34. Qc5
Ree8 35. Nd6 Bxd3 36. Nxe8+ Rxe8 37. Rg1 Be4 38. Kh2 Qg5 39. Qf2 Kh8 40. Rae1
Rc8 41. Re2 Rg8 42. Re3 Rc8 43. Re2 h5 44. Rge1 Rc4 45. Rxe4 Rxe4 46. Rxe4 fxe4
47. Qf8+ Kh7 48. Qf7+ Kh8 49. Qf8+ Kh7 50. Qf7+ 1/2-1/2

[Event "Druzynowe Mistrzostwa Polski - II Liga 2023"]
[Site "Jastrzebia Gora"]
[Date "1899-12-30"]
[Round "8.49"]
[White "Mondrzycki, Bartlomiej"]
[Black "Bebel, Arkadiusz"]
[Result "0-1"]
[WhiteTitle "CM"]
[BlackTitle "FM"]
[WhiteElo "2208"]
[BlackElo "2250"]

1. Nf3 Nf6 2. c4 g6 3. Nc3 Bg7 4. e4 d6 5. d4 O-O 6. h3 e5 7. d5 Nh5 8. g3 Na6
9. Be3 Nc5 10. Be2 a5 11. Nd2 Nf6 12. g4 Ne8 13. h4 f5 14. g5 f4 15. Bxc5 dxc5
16. Bg4 f3 17. Bxc8 Qxc8 18. Qc2 Rf4 19. O-O-O Qg4 20. h5 Qxg5 21. Rdg1 Rg4 22.
Rxg4 Qxg4 23. hxg6 Qxg6 24. Nxf3 Nd6 25. Kb1 Qg2 26. Qd1 Rf8 27. Nh4 Qxf2 28.
Qg4 Nxc4 29. Qe6+ Rf7 30. Qc8+ Bf8 31. Nd1 Qe2 32. Rg1+ Kh8 33. Qh3 Rf6 34. Qg3
Qxe4+ 35. Ka1 Qxd5 36. a3 Qf7 37. Ne3 Nxe3 38. Qxe3 Rf1+ 39. Rxf1 Qxf1+ 40. Ka2
Qc4+ 41. Ka1 Qxh4 42. Qxe5+ Kg8 0-1

[Event "Druzynowe Mistrzostwa Polski - II Liga 2023"]
[Site "Jastrzebia Gora"]
[Date "1899-12-30"]
[Round "8.50"]
[White "Zysko, Jan"]
[Black "Bronowicki, Mateusz"]
[Result "1-0"]
[WhiteTitle "k+"]
[BlackTitle "FM"]
[WhiteElo "2167"]
[BlackElo "2189"]

1. e4 e6 2. d4 d5 3. Nd2 Nf6 4. e5 Ne4 5. Nxe4 dxe4 6. Be3 c5 7. dxc5 Nd7 8. Qg4
Nxc5 9. Bxc5 Bxc5 10. Qxg7 Rf8 11. Bb5+ Bd7 12. O-O-O Bxb5 13. Rxd8+ Rxd8 14.
Qg3 Rd5 15. a4 Ba6 16. Nh3 Bd4 17. Qf4 Bxe5 18. Qxe4 Rg8 19. f4 Bf6 20. Ng5 Bxg5
21. fxg5 Rgxg5 22. Rd1 Rxd1+ 23. Kxd1 h5 24. b3 Rd5+ 25. Kc1 b6 26. c4 Rd7 27.
Qe5 Bb7 28. Qb8+ Ke7 29. Qxa7 Bxg2 30. Qxb6 f5 31. c5 Bd5 32. c6 Rd8 33. b4 f4
34. Qc7+ Ke8 35. Qxf4 Bxc6 36. b5 Bd5 37. Kb2 Rc8 38. Ka3 Rc4 39. Qb8+ Kd7 40.
Qe5 h4 41. Qg7+ Kd6 42. a5 Kc5 43. Qc7+ Kd4 44. Qf4+ Kc5 45. Qc7+ Kd4 46. Qf4+
Kc5 47. Qe3+ Kd6 48. a6 Kc7 49. b6+ Kc6 50. b7 Rc2 51. Qd4 1-0

[Event "Druzynowe Mistrzostwa Polski - II Liga 2023"]
[Site "Jastrzebia Gora"]
[Date "1899-12-30"]
[Round "8.51"]
[White "Cajbel, Maciej"]
[Black "Solnicki, Michal"]
[Result "1/2-1/2"]
[WhiteTitle "k"]
[BlackTitle "k"]
[WhiteElo "2151"]
[BlackElo "2110"]

1. b3 d5 2. Bb2 Nf6 3. e3 Bf5 4. f4 e6 5. Nf3 Bd6 6. c4 Nbd7 7. cxd5 exd5 8. Be2
Nc5 9. O-O Qe7 10. Nc3 c6 11. Nd4 Bd7 12. Qc2 g6 13. b4 Ne6 14. Nxe6 fxe6 15.
b5 O-O 16. bxc6 bxc6 17. Na4 c5 18. Rac1 Rac8 19. Bf3 Rc7 20. Be5 Bxa4 1/2-1/2

[Event "Druzynowe Mistrzostwa Polski - II Liga 2023"]
[Site "Jastrzebia Gora"]
[Date "1899-12-30"]
[Round "8.52"]
[White "Pettersson, Alexander"]
[Black "Piotrowski, Przemyslaw"]
[Result "0-1"]
[WhiteTitle "I"]
[BlackTitle "FM"]
[WhiteElo "1820"]
[BlackElo "2258"]

1. d4 d6 2. c4 e5 3. d5 Nf6 4. Nc3 g6 5. e4 Bg7 6. Bd3 O-O 7. Nge2 Nbd7 8. O-O
a5 9. Rb1 Nh5 10. a3 f5 11. exf5 gxf5 12. f4 exf4 13. Nxf4 Nxf4 14. Bxf4 Ne5 15.
Ne2 Qf6 16. h3 a4 17. Qd2 Nxd3 18. Qxd3 Bd7 19. Bd2 f4 20. Rxf4 Bf5 21. Qg3 Qg6
22. Rbf1 Be5 23. Qh4 Bxf4 24. Nxf4 Qf6 25. Qg3+ Bg6 26. Bc3 Qf5 27. Kh2 Rae8 28.
Qh4 Re4 29. Qh6 Rf7 30. g4 Qxf4+ 31. Rxf4 Rexf4 32. Qg5 Rf8 33. Qe7 R4f7 34. Qe6
Bd3 35. c5 dxc5 36. g5 Bf5 37. Qe5 Rd7 38. Qh8+ Kf7 39. Qe5 Kg6 40. Kg3 Kxg5 41.
Qf4+ Kg6 42. Kh4 h6 43. Bd2 Rxd5 44. Qxh6+ Kf7 45. Qh5+ Ke6 46. Bc3 Kd7 47. Qf3
c6 48. Qf4 Rd3 49. Qxa4 Rg8 0-1

[Event "Druzynowe Mistrzostwa Polski - II Liga 2023"]
[Site "Jastrzebia Gora"]
[Date "1899-12-30"]
[Round "8.53"]
[White "Stelmaszuk, Maciej"]
[Black "Chrzaszcz, Malvina"]
[Result "1-0"]
[WhiteTitle "I+"]
[BlackTitle "k+"]
[WhiteElo "1944"]
[BlackElo "1962"]

1. d4 d5 2. c4 c6 3. Nf3 Nf6 4. e3 dxc4 5. Bxc4 b5 6. Bd3 Bg4 7. O-O e6 8. Nbd2
a5 9. a4 b4 10. Qc2 Qc7 11. Ne5 Bd6 12. Ndc4 Be7 13. e4 Nbd7 14. Bf4 Nh5 15. Be3
Nhf6 16. h3 Bh5 17. g4 Bg6 18. f4 c5 19. f5 cxd4 20. Bxd4 Bc5 21. Bxc5 Nxc5 22.
Rf3 Rd8 23. fxg6 hxg6 24. g5 Nxd3 25. Rxd3 Qa7+ 26. Kg2 Rxd3 27. Qxd3 Nh5 28.
Nd6+ Kf8 29. Rf1 Qc5 30. Nd7+ 1-0

[Event "Druzynowe Mistrzostwa Polski - II Liga 2023"]
[Site "Jastrzebia Gora"]
[Date "1899-12-30"]
[Round "8.54"]
[White "Kaniak, Monika"]
[Black "Owczarek, Monika"]
[Result "1-0"]
[WhiteTitle "k"]
[BlackTitle "I"]
[WhiteElo "1796"]
[BlackElo "1544"]

1. d4 d5 2. Nf3 e6 3. c4 h6 4. Nc3 Nf6 5. Bf4 Bd6 6. Bxd6 Qxd6 7. c5 Qe7 8. Ne5
O-O 9. e3 a6 10. b4 Nc6 11. Nxc6 bxc6 12. f4 Nd7 13. Bd3 f6 14. O-O e5 15. Qd2
e4 16. Be2 f5 17. a4 g5 18. b5 Bb7 19. Qb2 Rfb8 20. fxg5 Qxg5 21. Rf4 h5 22. Raf1
axb5 23. axb5 Rf8 24. Qb3 h4 25. bxc6 Bxc6 26. Nxd5 Kh8 27. Nxc7 Rg8 28. R4f2
Rab8 29. Qe6 Rg6 30. Qxf5 Qxf5 31. Rxf5 Rb2 32. R5f2 Rb3 33. d5 Ba4 34. Bd1 Rb4
35. Bxa4 Rxa4 36. c6 Ne5 37. Ne6 Ng4 38. Rf4 Ra3 39. h3 Nh6 40. Rxe4 Rd3 41. Nf4
Rg7 42. Nxd3 1-0

[Event "Druzynowe Mistrzostwa Polski - II Liga 2023"]
[Site "Jastrzebia Gora"]
[Date "1899-12-30"]
[Round "8.56"]
[White "Zerebiec, Maurycy"]
[Black "Pacuszka, Tomasz"]
[Result "1/2-1/2"]
[WhiteTitle "I++"]
[BlackTitle "FM"]
[WhiteElo "1971"]
[BlackElo "2156"]

1. c4 e5 2. Nc3 Nc6 3. g3 f5 4. Bg2 Nf6 5. e3 d6 6. d4 Be7 7. Bxc6+ bxc6 8. dxe5
dxe5 9. Qxd8+ Bxd8 10. Nf3 Nd7 11. e4 O-O 12. exf5 Rxf5 13. Ke2 Be7 14. Be3 Ba6
15. b3 Raf8 16. Nd2 Bc5 17. Nde4 Bd4 18. Rad1 c5 19. Nd5 Bb7 20. Ne7+ Kh8 21.
Nxf5 Bxe4 22. Nh4 Bxh1 23. Rxh1 Nf6 24. f4 Re8 25. Bxd4 cxd4 26. fxe5 Rxe5+ 27.
Kd3 c5 28. Ng2 Rf5 29. Re1 g5 30. Re2 a5 31. Ne1 Kg7 32. Re7+ Kg6 33. h3 h5 34.
Ke2 Ng8 35. Re6+ Kf7 36. Rc6 Re5+ 37. Kf2 Nf6 38. Nd3 Ne4+ 39. Kg2 Re6 40. Rc7+
Re7 41. Rc8 Re8 42. Rxe8 Kxe8 43. h4 g4 44. Nf4 Nf6 45. Ne6 d3 46. Kf1 Ne4 47.
Ng7+ Kf7 48. Nxh5 Kg6 49. Nf4+ Kf5 50. Nxd3 Nxg3+ 51. Kg2 Ne4 52. a3 Kg6 53. Ne5+
Kh5 54. Nc6 Kxh4 55. Nxa5 Kg5 56. Nb7 Kf5 57. a4 Ke6 58. a5 Kd7 59. Nxc5+ Nxc5
60. b4 Ne4 61. a6 Kc6 62. c5 Nc3 63. Kg3 Nd5 64. a7 Nc7 1/2-1/2

[Event "Druzynowe Mistrzostwa Polski - II Liga 2023"]
[Site "Jastrzebia Gora"]
[Date "1899-12-30"]
[Round "8.58"]
[White "Kossobudzki, Robert"]
[Black "Krainski, Slawomir"]
[Result "1/2-1/2"]
[WhiteTitle "I"]
[BlackTitle "k"]
[WhiteElo "1965"]
[BlackElo "1982"]

1. Nf3 Nf6 2. b4 e6 3. a3 d5 4. e3 Be7 5. d4 O-O 6. Nbd2 b6 7. c4 c5 8. bxc5 bxc5
9. Bd3 cxd4 10. exd4 dxc4 11. Nxc4 Bb7 12. O-O Nbd7 13. Qe2 Nb6 14. Rd1 Nxc4 15.
Bxc4 Rc8 16. Ba6 Qb6 17. Bxb7 Qxb7 18. Bd2 Nd5 19. a4 Rc2 20. Qb5 Rb2 21. Qxb7
Rxb7 22. g3 Rc8 23. Rdc1 Rxc1+ 24. Rxc1 f6 25. a5 Kf7 26. Kf1 Rb2 27. h4 g6 28.
Rc8 Kg7 29. Rc6 Kf7 30. Rc8 Bf8 31. Ra8 Rb7 32. Ke2 h6 33. Ne1 g5 34. hxg5 hxg5
35. Nd3 Nc7 36. Rc8 Nb5 37. Be3 Bd6 38. Nc5 Rb8 39. Rc6 Ke7 40. Ne4 Bb4 41. d5
exd5 42. Nxf6 Rd8 43. Kd3 Rd6 44. Rxd6 Kxd6 45. a6 Bc5 46. Nh7 Bxe3 47. Kxe3 Nc7
48. Nxg5 Nxa6 49. f4 Nc5 50. Nf7+ Ke6 51. Ne5 a5 52. Kd4 Nb3+ 53. Kc3 Nc5 54.
g4 a4 55. Nc6 Ne4+ 56. Kd4 Nf2 57. g5 Nh3 58. Ke3 Nxg5 1/2-1/2

[Event "Druzynowe Mistrzostwa Polski - II Liga 2023"]
[Site "Jastrzebia Gora"]
[Date "1899-12-30"]
[Round "8.59"]
[White "Sciborowski, Miroslaw"]
[Black "Paprocki, Artur"]
[Result "1/2-1/2"]
[WhiteTitle "k"]
[BlackTitle "I"]
[WhiteElo "1929"]
[BlackElo "1754"]

1. d4 Nf6 2. Nf3 e6 3. g3 c5 4. c4 b6 5. Bg2 Bb7 6. d5 exd5 7. Nh4 g6 8. Nc3 Bg7
9. Bg5 O-O 10. Qd2 Qc8 11. cxd5 d6 12. Qf4 Nfd7 13. Bh6 Be5 14. Qd2 Re8 15. O-O
a6 16. f4 Bd4+ 17. Kh1 Nf6 18. f5 Nbd7 19. Nf3 Nxd5 20. Nxd4 Nxc3 21. fxg6 Bxg2+
22. Kxg2 hxg6 23. bxc3 cxd4 24. cxd4 Qc6+ 25. Kg1 Qe4 26. Rf2 Rac8 27. e3 f5 28.
Rc1 Nf6 29. Bf4 Qd5 30. Qb2 Rxc1+ 31. Qxc1 Ne4 32. Rc2 g5 33. Rc8 Qe6 34. Rxe8+
Qxe8 35. Qc4+ Kg7 36. Qc7+ Qf7 37. Bxd6 Kg8 38. Qc4 1/2-1/2

[Event "Druzynowe Mistrzostwa Polski - II Liga 2023"]
[Site "Jastrzebia Gora"]
[Date "1899-12-30"]
[Round "8.60"]
[White "Dwilewicz, Agata"]
[Black "Hertlein, Irena"]
[Result "1/2-1/2"]
[WhiteTitle "k"]
[BlackTitle "WFM"]
[WhiteElo "1769"]
[BlackElo "2050"]

1. e4 c6 2. c4 d5 3. exd5 cxd5 4. cxd5 Nf6 5. Qa4+ Nbd7 6. Nc3 g6 7. Nf3 Bg7 8.
Bc4 O-O 9. d3 a6 10. Qa3 b6 11. O-O Bb7 12. Re1 Re8 13. Bg5 b5 14. Bb3 h6 15.
Bh4 Bf8 16. Qb4 e5 17. d6 Bxf3 18. gxf3 Qb6 19. Ne4 Nxe4 20. fxe4 Qxd6 21. Qxd6
Bxd6 22. Bd5 Rab8 23. Bc6 g5 24. Bxd7 Re7 25. Bxg5 hxg5 26. Bf5 Rc7 27. Rac1 Rbb7
28. Bc8 Ra7 29. Kg2 Bc5 30. Bf5 Bd4 31. b3 Bb2 32. Rxc7 Rxc7 33. Re2 Bd4 34. Kf3
Rc1 35. Rd2 b4 36. Kg4 Bc3 37. Re2 f6 38. Be6+ Kg7 39. Bc4 a5 40. h3 Rg1+ 41.
Kf3 Kg6 42. Be6 Kh5 43. Rc2 Kg6 44. Bf5+ Kf7 45. Bc8 Ke7 46. Bf5 Kd6 47. Bc8 Kc5
48. Be6 Kd4 49. Bc4 Rd1 50. Bb5 Rxd3+ 51. Bxd3 Kxd3 52. Rc1 Kd2 53. Rg1 Kc2 54.
Ke2 Kb2 55. Kd3 Kxa2 56. Kc2 Bd4 57. Rf1 Ka3 58. f3 a4 59. Rb1 axb3+ 60. Rxb3+
Ka4 61. Rb1 Ka3 62. Rb3+ Ka4 63. Rb1 Ka3 64. Rb3+ Ka4 65. Rb1 1/2-1/2

[Event "Druzynowe Mistrzostwa Polski - II Liga 2023"]
[Site "Jastrzebia Gora"]
[Date "1899-12-30"]
[Round "8.61"]
[White "Sopur, Lech"]
[Black "Luba, Lukasz"]
[Result "1-0"]
[WhiteTitle "m"]
[BlackTitle "k"]
[WhiteElo "2415"]
[BlackElo "2054"]

1. Nf3 c5 2. b3 d5 3. e3 Nc6 4. Bb5 Qb6 5. c4 e6 6. Ne5 Nf6 7. Bb2 Bd7 8. Nxd7
Nxd7 9. Nc3 a6 10. Ba4 d4 11. Ne4 Nde5 12. O-O O-O-O 13. Qe2 h5 14. f4 d3 15.
Qd1 Ng4 16. h3 Nh6 17. Qxh5 Rg8 18. a3 f6 19. b4 cxb4 20. c5 Qc7 21. Bb3 Qd7 22.
Rfc1 Nf5 23. axb4 Nxb4 24. c6 Nxc6 25. Ba4 Qd5 26. Nc3 Qc5 27. Bxc6 Nxe3 28. Qxc5
Bxc5 29. Na4 Ba7 30. Be4+ Nc2+ 31. Kh1 Kb8 32. Rab1 Nb4 33. Bxf6 gxf6 34. Rxb4
Rg7 35. Nc5 Bxc5 36. Rxc5 f5 37. Bf3 Rd6 38. h4 b6 39. h5 Ka7 40. Rcc4 Rgd7 41.
Rc8 b5 42. Rb1 Kb6 43. Ra8 Ra7 44. Rxa7 Kxa7 45. Kh2 Kb6 46. Kg3 a5 47. Kh4 a4
48. Bd1 Kc5 49. Kg5 a3 50. h6 Rd7 51. Kg6 Kd5 1-0

[Event "Druzynowe Mistrzostwa Polski - II Liga 2023"]
[Site "Jastrzebia Gora"]
[Date "1899-12-30"]
[Round "8.62"]
[White "Laszewicz, Pawel"]
[Black "Goszczynski, Andrzej"]
[Result "0-1"]
[WhiteTitle "k"]
[BlackTitle "I+"]
[WhiteElo "1997"]
[BlackElo "2076"]

1. e4 c5 2. Nf3 e6 3. d4 cxd4 4. Nxd4 a6 5. c4 Nf6 6. Nc3 Qc7 7. Qd3 Nc6 8. Nxc6
dxc6 9. Be2 e5 10. Qg3 Be6 11. f4 Qa5 12. O-O exf4 13. Bxf4 Nh5 14. Bxh5 Qxh5
15. Nd5 Bc5+ 16. Be3 Bxe3+ 17. Nxe3 O-O 18. Rf5 Bxf5 19. Nxf5 g6 20. Rf1 Rae8
21. Nd6 Re7 22. Rf5 Qd1+ 23. Rf1 Qd4+ 24. Kh1 Qe5 25. Nf5 Re6 26. Rf4 Kh8 27.
Nh6 f6 28. h4 Qh5 29. Ng4 g5 30. Rxf6 Rexf6 31. Nxf6 Rxf6 0-1

[Event "Druzynowe Mistrzostwa Polski - II Liga 2023"]
[Site "Jastrzebia Gora"]
[Date "1899-12-30"]
[Round "8.63"]
[White "Gradowski, Jacek"]
[Black "Majocha, Piotr"]
[Result "1/2-1/2"]
[WhiteTitle "k"]
[BlackTitle "I++"]
[WhiteElo "2072"]
[BlackElo "2004"]

1. d4 Nf6 2. c4 g6 3. Nc3 d5 4. Bg5 Ne4 5. Nxe4 dxe4 6. Qd2 c5 7. d5 Bg7 8. e3
h6 9. Bh4 Qb6 10. O-O-O Nd7 11. Ne2 Ne5 12. Nc3 Bg4 13. Re1 Bf5 14. Be2 a5 15.
Nb5 Bd7 16. Nc3 Qb4 17. a3 Qb3 18. Qc2 Qxc2+ 19. Kxc2 f5 20. h3 Nf7 21. g4 Be5
22. gxf5 Bxf5 23. Bg3 b6 24. Nb5 Kd7 25. a4 Raf8 26. Nc3 g5 27. Bh5 Bxg3 28. fxg3
Ne5 29. b3 Bh7 30. Ref1 Kd8 31. Kd2 Kd7 32. Bg4+ Kd8 33. Bd1 Nf7 34. Rh2 Nd6 35.
Rhf2 Rxf2+ 36. Rxf2 Bg6 37. Bg4 h5 38. Be6 h4 39. gxh4 Rxh4 40. Rf8+ Kc7 41. Nd1
Ne8 42. Rg8 Bh5 43. Nf2 Nf6 44. Rxg5 Bf3 45. Ke1 Kd6 46. Kf1 Rh6 47. Kg1 Rh5 48.
Rg7 Be2 49. Kg2 Bd3 50. Nxd3 exd3 51. Kf3 Re5 52. Rg1 Ne4 53. Rd1 d2 54. Kf4 Ng5
55. Rxd2 Nxe6+ 56. dxe6+ Kxe6 57. e4 Rh5 58. Kg4 Rh8 59. Rd5 Rf8 60. Rg5 Kd6 61.
e5+ Ke6 62. Rg6+ Kxe5 63. Rxb6 Rg8+ 64. Kf3 Rh8 65. Kg3 Rg8+ 66. Kf2 Rh8 67. Rb5
Kd4 68. Rxa5 Rxh3 69. Rb5 e5 70. a5 e4 71. Rb8 Rh2+ 72. Kf1 Ra2 73. Rd8+ Kc3 74.
Re8 Rxa5 75. Rxe4 Kxb3 76. Ke2 Kc3 77. Rh4 Ra2+ 78. Kd1 Rd2+ 79. Kc1 Rd3 80. Rg4
Rd4 81. Rg3+ Kxc4 82. Kc2 Rf4 83. Rh3 Kb4 84. Rg3 c4 85. Rh3 Rf2+ 86. Kc1 c3 87.
Rh8 Kb3 88. Rb8+ Kc4 1/2-1/2

[Event "Druzynowe Mistrzostwa Polski - II Liga 2023"]
[Site "Jastrzebia Gora"]
[Date "1899-12-30"]
[Round "8.64"]
[White "Sypien, Natan"]
[Black "Flis, Pawel"]
[Result "0-1"]
[WhiteTitle "I"]
[BlackTitle "CM"]
[WhiteElo "1770"]
[BlackElo "1948"]

1. e4 e5 2. Nf3 Nc6 3. Nc3 Nf6 4. Bb5 Bb4 5. O-O Bxc3 6. bxc3 O-O 7. Re1 d6 8.
d4 Bd7 9. a4 h6 10. Bf1 Re8 11. Qd3 Bg4 12. d5 Nb8 13. h3 Bd7 14. Qe3 a5 15. Nd2
Rf8 16. f4 exf4 17. Qxf4 Re8 18. Bb2 Na6 19. Nb3 b6 20. Bd3 Nc5 21. Nxc5 bxc5
22. c4 Nh7 23. h4 f6 24. Re3 Qe7 25. Rg3 Kh8 26. Bc3 Rec8 27. Qd2 Qe8 28. Rf1
Bxa4 29. Bxa5 Nf8 30. Bc3 Nd7 31. Bxf6 Nxf6 32. Rxf6 Qh5 33. Rfg6 Bd7 34. Rxg7
Ra1+ 35. Bf1 Rf8 36. Qd3 Rfxf1+ 37. Qxf1 Rxf1+ 38. Kxf1 Qd1+ 39. Kf2 Qd4+ 0-1

[Event "Druzynowe Mistrzostwa Polski - II Liga 2023"]
[Site "Jastrzebia Gora"]
[Date "1899-12-30"]
[Round "8.65"]
[White "Redlich, Bogdan"]
[Black "Szydelko, Michal"]
[Result "1/2-1/2"]
[WhiteTitle "k"]
[BlackTitle "I++"]
[WhiteElo "1788"]
[BlackElo "1731"]

1. d4 d5 2. Nf3 Nf6 3. c4 e6 4. Bg5 Be7 5. Nc3 h6 6. Bh4 O-O 7. e3 c6 8. Rc1 Nbd7
9. Bd3 dxc4 10. Bxc4 b5 11. Bd3 Bb7 12. O-O a6 13. Bxf6 Nxf6 14. a4 Rc8 15. Ne5
Bd6 16. f4 Bxe5 17. fxe5 Nd5 18. Nxd5 cxd5 19. Rxc8 Qxc8 20. axb5 axb5 21. Bxb5
Ba6 22. Bxa6 Qxa6 23. Qd2 Rb8 24. b4 Qc4 25. Rc1 Qb3 26. Qc3 Qxc3 27. Rxc3 1/2-1/2

[Event "Druzynowe Mistrzostwa Polski - II Liga 2023"]
[Site "Jastrzebia Gora"]
[Date "1899-12-30"]
[Round "8.66"]
[White "Dmochowska, Agnieszka"]
[Black "Posuniak, Weronika"]
[Result "1-0"]
[WhiteTitle "WFM"]
[BlackTitle "k+"]
[WhiteElo "2040"]
[BlackElo "1907"]

1. d4 d5 2. c4 c6 3. Nc3 Nf6 4. Nf3 e6 5. e3 Be7 6. Qc2 O-O 7. Bd3 h6 8. O-O dxc4
9. Bxc4 b5 10. Be2 Bb7 11. Rd1 Nbd7 12. a3 Rc8 13. e4 a6 14. b4 Qc7 15. h3 Rfd8
16. Be3 e5 17. Rac1 Bd6 18. Qb2 exd4 19. Bxd4 Bf4 20. Rc2 Ne5 21. g3 Nxf3+ 22.
Bxf3 Be5 23. Nxb5 Bxd4 24. Nxd4 Qe5 25. Rc5 Qe8 26. Re1 Qd7 27. Nf5 Kh7 28. Kg2
Rc7 29. Qc2 g6 30. Ne3 Bc8 31. Rh1 Qe6 32. e5 Nd7 33. Rxc6 Rxc6 34. Qxc6 Nxe5
35. Qxe6 Bxe6 36. h4 Rd2 37. Bb7 Nc4 38. Nxc4 Bxc4 39. Rc1 Bd5+ 40. Bxd5 Rxd5
41. Rc6 a5 42. Rc5 Rd3 43. Rxa5 Rb3 44. b5 Kg7 45. a4 Kf6 46. Ra6+ Ke5 47. b6
Kd5 48. a5 Rb5 49. Ra7 f5 50. b7 Kc6 51. a6 1-0

[Event "Druzynowe Mistrzostwa Polski - II Liga 2023"]
[Site "Jastrzebia Gora"]
[Date "1899-12-30"]
[Round "8.67"]
[White "Kumala, Aleksander"]
[Black "Kutowski, Marcel"]
[Result "1/2-1/2"]
[WhiteTitle "CM"]
[BlackTitle "k"]
[WhiteElo "2165"]
[BlackElo "2170"]

1. e4 c5 2. Nf3 d6 3. d4 cxd4 4. Nxd4 Nf6 5. Nc3 a6 6. Be3 e5 7. Nf3 Be7 8. Bc4
O-O 9. O-O Be6 10. Bb3 b5 11. a3 h6 12. Qe2 Nbd7 13. Rfd1 Qc7 14. h3 Qb7 15. Qd3
Rac8 16. Nd2 Rfd8 17. Nd5 Nc5 18. Bxc5 Rxc5 19. Nxf6+ Bxf6 20. Bxe6 fxe6 21. b4
Rc7 22. c4 bxc4 23. Nxc4 d5 24. Ne3 d4 25. Ng4 Rf8 26. Rac1 h5 27. Rxc7 Qxc7 28.
Nxf6+ Rxf6 29. Qxa6 Qc2 30. Rf1 Qxe4 31. b5 d3 32. b6 Rg6 33. f3 Qe2 34. Rf2 Qe1+
35. Rf1 Qe2 36. Rf2 1/2-1/2

[Event "Druzynowe Mistrzostwa Polski - II Liga 2023"]
[Site "Jastrzebia Gora"]
[Date "1899-12-30"]
[Round "8.68"]
[White "Wilk, Igor"]
[Black "Dlugosz, Jedrzej"]
[Result "1-0"]
[WhiteTitle "I++"]
[BlackTitle "m"]
[WhiteElo "2166"]
[BlackElo "2326"]

1. e4 c6 2. d4 d5 3. Nc3 dxe4 4. Nxe4 Bf5 5. Ng3 Bg6 6. Nh3 e6 7. Nf4 Bd6 8. c3
Qc7 9. Qf3 Nd7 10. Bc4 Nb6 11. Bb3 Nd5 12. Nxd5 cxd5 13. Nh5 O-O-O 14. Nxg7 h5
15. Bg5 Rf8 16. Rc1 Rh7 17. c4 Be4 18. Qe2 Qa5+ 19. Bd2 Bb4 20. cxd5+ Kb8 21.
Qxe4 Bxd2+ 22. Ke2 Bxc1 23. Rxc1 Rh6 24. Qf4+ Ka8 25. Nxe6 Qb5+ 26. Rc4 Re8 27.
Qxf7 Rf6 28. Qc7 Ne7 29. Qc5 Qxc5 30. Rxc5 Nf5 31. Kd3 Kb8 32. Ke4 Ng7 33. f4
Rf7 34. Rc3 Nf5 35. Ke5 Ng7 36. d6 Nf5 37. d7 1-0

[Event "Druzynowe Mistrzostwa Polski - II Liga 2023"]
[Site "Jastrzebia Gora"]
[Date "1899-12-30"]
[Round "8.69"]
[White "Kindler, Przemyslaw"]
[Black "Bielczyk, Jacek"]
[Result "1-0"]
[WhiteTitle "k"]
[BlackTitle "IM"]
[WhiteElo "1984"]
[BlackElo "2238"]

1. e4 c5 2. Nf3 Nc6 3. Bb5 Na5 4. O-O a6 5. Be2 e6 6. c4 Qc7 7. Nc3 Ne7 8. d4 cxd4
9. Nxd4 Nec6 10. Nf3 Bd6 11. h3 Ne5 12. Nxe5 Bxe5 13. Qd3 O-O 14. f4 Bd6 15. Kh1
Nc6 16. a3 Be7 17. Be3 b6 18. b4 d6 19. Rfc1 Bf6 20. Rab1 Ne7 21. c5 dxc5 22.
bxc5 Rd8 23. Qc2 bxc5 24. e5 Bh4 25. Ne4 Nd5 26. Bxc5 Nxf4 27. Bf3 Nd5 28. Qb2
Qd7 29. Nd6 a5 30. Qd4 Bg5 31. Bxd5 exd5 32. Qxd5 Bxc1 33. Qxa8 Qc7 34. Rxc1 1-0

[Event "Druzynowe Mistrzostwa Polski - II Liga 2023"]
[Site "Jastrzebia Gora"]
[Date "1899-12-30"]
[Round "8.70"]
[White "Skorupka, Arkadiusz"]
[Black "Gumula, Daniel"]
[Result "0-1"]
[WhiteTitle "II"]
[BlackTitle "FM"]
[WhiteElo "1472"]
[BlackElo "2146"]

1. d4 c5 2. c4 cxd4 3. Nf3 e5 4. e3 dxe3 5. Bxe3 Nf6 6. Nc3 Nc6 7. Be2 Bb4 8. Qc2
d5 9. cxd5 Nxd5 10. Bd2 Bxc3 11. Bxc3 Nxc3 12. Qxc3 O-O 13. Nxe5 Nxe5 14. Qxe5
Re8 15. Qc3 Bg4 16. f3 Rc8 17. Qb4 Rc2 18. O-O Rexe2 19. Qxg4 Qd2 20. Qg3 Rxg2+
21. Kh1 Rxh2+ 22. Kg1 Qg2+ 0-1

[Event "Druzynowe Mistrzostwa Polski - II Liga 2023"]
[Site "Jastrzebia Gora"]
[Date "1899-12-30"]
[Round "8.71"]
[White "Hiszczynski, Jakub"]
[Black "Balis, Sebastian"]
[Result "0-1"]
[WhiteTitle "I++"]
[BlackTitle "II+"]
[WhiteElo "1858"]
[BlackElo "1484"]

1. e4 c5 2. Nf3 e6 3. d4 cxd4 4. Nxd4 a6 5. c4 Nf6 6. Nc3 Bb4 7. Bd3 Nc6 8. Nxc6
dxc6 9. O-O e5 10. Qc2 Bc5 11. Bg5 Bg4 12. Be2 Bxe2 13. Nxe2 h6 14. Rad1 Qe7 15.
Bh4 O-O 16. a3 a5 17. Ng3 Rfd8 18. Nf5 Qe6 19. Rd3 Rxd3 20. Qxd3 Kh7 21. Rd1 g6
22. Ne3 Bd4 23. Bxf6 Qxf6 24. Qc2 Rd8 25. Kf1 Kg7 26. Rd3 Qf4 27. Rb3 Qxh2 28.
g3 Qh1+ 29. Ke2 Qh5+ 30. Ke1 a4 31. Rd3 f5 32. exf5 gxf5 33. Rd1 e4 34. g4 Qh1+
35. Nf1 Qf3 36. gxf5 Bxf2+ 37. Qxf2 Qxd1# 0-1

[Event "Druzynowe Mistrzostwa Polski - II Liga 2023"]
[Site "Jastrzebia Gora"]
[Date "1899-12-30"]
[Round "8.72"]
[White "Salamon, Julia"]
[Black "Kindler, Karolina"]
[Result "1-0"]
[WhiteTitle "I++"]
[BlackTitle "I++"]
[WhiteElo "1814"]
[BlackElo "1808"]

1. d4 d5 2. c4 c6 3. Nc3 Nf6 4. Nf3 g6 5. e3 Bg7 6. Bd3 O-O 7. O-O a6 8. Qc2 Nbd7
9. b3 b5 10. Bb2 Rb8 11. h3 bxc4 12. bxc4 dxc4 13. Bxc4 c5 14. Na4 cxd4 15. Nxd4
Ne5 16. Rfd1 Qa5 17. Bb3 Bd7 18. f4 Rfc8 19. Bc3 Qc7 20. fxe5 Qxe5 21. Qd3 Bh6
22. Nc2 Qg3 23. e4 Qxd3 24. Rxd3 Bb5 25. Rf3 Bc4 26. Bxf6 exf6 27. Na3 Be2 28.
Rc3 Rxc3 29. Nxc3 Be3+ 30. Kh2 Bf4+ 31. g3 Be5 32. Rc1 Bd3 33. Nd5 Bxe4 34. Rc8+
Rxc8 35. Ne7+ Kf8 36. Nxc8 Bc7 37. Nc4 Bb7 38. N8b6 f5 39. Nd7+ Ke7 40. Nc5 Bc8
41. Kg2 h5 42. a4 f4 43. gxf4 Bxf4 44. Nb6 Be6 45. Bxe6 fxe6 46. Nxa6 g5 47. Nb4
Kd6 48. a5 Kc7 49. N4d5+ exd5 50. Nxd5+ Kb7 51. Nxf4 gxf4 52. Kf3 Ka6 53. Kxf4
Kxa5 54. Kg5 Kb5 55. Kxh5 Kc6 56. Kg6 Kd6 57. h4 Ke7 58. Kg7 1-0

[Event "Druzynowe Mistrzostwa Polski - II Liga 2023"]
[Site "Jastrzebia Gora"]
[Date "1899-12-30"]
[Round "8.73"]
[White "Suder, Jakub"]
[Black "Daniel, Damian"]
[Result "1-0"]
[WhiteTitle "FM"]
[BlackTitle "CM"]
[WhiteElo "2304"]
[BlackElo "2114"]

1. d4 Nf6 2. c4 e6 3. Nc3 d5 4. cxd5 exd5 5. Bg5 Bb4 6. Qc2 h6 7. Bxf6 Qxf6 8.
a3 Bxc3+ 9. Qxc3 c6 10. e3 Bf5 11. Ne2 Nd7 12. Ng3 Bg6 13. Be2 O-O 14. O-O Rfe8
15. b4 Qd6 16. Rfc1 Re7 17. b5 cxb5 18. Bxb5 Nb6 19. h4 a6 20. Be2 Rc8 21. Qb4
Qxb4 22. axb4 Rxc1+ 23. Rxc1 Kf8 24. Rc5 Be4 25. Nxe4 dxe4 26. g4 g6 27. g5 Kg7
28. Kg2 f5 29. gxf6+ Kxf6 30. Kg3 Nd7 31. Ra5 Nb6 32. b5 axb5 33. Rxb5 Nc8 34.
Bg4 Na7 35. Rb6+ Kg7 36. d5 Rf7 37. Be6 Re7 38. Kf4 1-0